| 000 | 00470nam a22001577a 4500 | ||
|---|---|---|---|
| 008 | 220411b |||||||| |||| 00| 0 eng d | ||
| 020 | _a9780804772792 | ||
| 082 | _a30020559 | ||
| 100 | _aObasogie, Osagie K. | ||
| 245 |
_aBlinded by sight : _h seeing race through the eyes of the blind. |
||
| 260 |
_aCalifornia : _bStanford Law Books, _c2014. |
||
| 300 |
_axiii, 261 p. : _c26 cm. _bill. ; |
||
| 500 | _aIncludes Bibliography index. | ||
| 650 | _2Race. | ||
| 942 | _2ddc | ||
| 999 |
_c10289 _d10290 |
||